[Event "Cavarzere op 14th"]
[Site "Cavarzere"]
[Date "2011.10.23"]
[Round "6.16"]
[White "De Polo, Maurizio"]
[Black "Fragni, Enrico"]
[Result "1-0"]
[WhiteElo "1527"]
[BlackElo "1720"]
[PlyCount "79"]
[EventDate "2011.10.15"]
[EventType "swiss"]
[EventRounds "6"]
[EventCountry "ITA"]
[SourceTitle "EXT 2023"]
[Source "ChessBase"]
[SourceDate "2022.10.05"]
[SourceVersion "1"]
[SourceVersionDate "2022.10.05"]
[SourceQuality "1"]

1. e4 c6 2. d4 d5 3. e5 Bf5 4. Nf3 e6 5. Be3 Be7 6. Nbd2 Nd7 7. Be2 g5 8. Nb3 b6 9. h3 h6 10. Nh2 c5 11. c3 Bg6 12. g4 a5 13. a4 c4 14. Nd2 Rb8 15. 0-0 b5 16. axb5 Rxb5 17. b3 Nb6 18. bxc4 dxc4 19. Nxc4 Nd5 20. Bd2 Nf4 21. Bxf4 gxf4 22. Nd6+ Bxd6 23. Bxb5+ Kf8 24. exd6 Qxd6 25. Rxa5 Be4 26. f3 Bb7 27. Qa1 Kg7 28. Qa3 Qb6 29. Ra1 Nf6 30. Qc5 Qd8 31. Bc6 Qc8 32. Bxb7 Qxb7 33. Rb5 Qd7 34. Ra7 Qd8 35. Qe7 Qg8 36. Rbb7 Rh7 37. Qxf7+ Qxf7 38. Rxf7+ Kg6 39. Rxh7 Nxh7 40. Rxh7 1-0